| 000 | 00919cam a2200289Ia 4500 | ||
|---|---|---|---|
| 999 |
_c6727 _d6727 |
||
| 001 | 12356 | ||
| 003 | GBCCL | ||
| 005 | 20241126110610.0 | ||
| 008 | 750604r19421927nyu 001 0 eng u | ||
| 010 | _a 27025332 | ||
| 035 | _aOCM01371598 | ||
| 040 |
_cDUQ _dLBB |
||
| 041 | 0 | _aenggrc | |
| 049 |
_aLBBK _aLBBT |
||
| 050 | 0 |
_aPA817 _b.D3 1927 |
|
| 082 |
_a487.4 _bDAN |
||
| 092 |
_a487.4045 _bD168, 1927 |
||
| 100 | 1 |
_aDana, H. E. _q(Harvey Eugene), _d1888- _912063 |
|
| 245 | 1 | 2 |
_aA manual grammar of the Greek New Testament / _cby H. E. Dana and Julius R. Mantey. |
| 260 |
_aNew York : _bMacmillan, _c1927, 1942. |
||
| 300 |
_axx, 356 p. ; _c21 cm. |
||
| 500 | _aPublished in 1923 under title: A manual for the study of the Greek New Testament. | ||
| 500 | _aIncludes English and Greek indexes. | ||
| 650 | 0 |
_aGreek language, Biblical _xGrammar. _92933 |
|
| 700 | 1 |
_aMantey, Julius R. _912064 |
|
| 942 |
_2ddc _cREF |
||